00158 a2200073 450000100060000010000050000624500460001126000270005725584 a aHistoric trial : Maulana M Ali and others abEast west pubsc1971